| Tag |
First Indicator |
Second Indicator |
Subfields |
| LEADER |
00000cam a2200000Mi 4500 |
| 001 |
in00005489921 |
| 006 |
m o d |
| 007 |
cr ||||||||||| |
| 008 |
200619s1796 enk jo 000 d eng d |
| 005 |
20240917182503.5 |
| 035 |
|
|
|a (OCoLC)on1244008258
|
| 040 |
|
|
|a UKAMD
|b eng
|e rda
|e pn
|c UKAMD
|d OCLCF
|d OCLCO
|d OCLCL
|
| 035 |
|
|
|a (OCoLC)1244008258
|
| 082 |
0 |
4 |
|a 822.7
|2 23
|
| 049 |
|
|
|a TXAM
|
| 100 |
1 |
|
|a More, Hannah,
|d 1745-1833,
|e author.
|
| 245 |
1 |
4 |
|a The search after happiness :
|b a pastoral drama,
|f 1796.
|
| 250 |
|
|
|a The eleventh edition, with additions.
|
| 264 |
|
1 |
|a London :
|b T. Cadell, Junior and W. Davies,
|c 1796.
|
| 300 |
|
|
|a 1 online resource (1 volume (61 pages)).
|
| 336 |
|
|
|a text
|b txt
|2 rdacontent
|
| 337 |
|
|
|a computer
|b c
|2 rdamedia
|
| 338 |
|
|
|a online resource
|b cr
|2 rdacarrier
|
| 490 |
1 |
|
|a AM Scholar: Women's Studies.
|
| 500 |
|
|
|a "Collection: Women, Morality and Advice Literature: Manuscripts and Rare Printed Works of Hannah More (1745-1833) and her circle"--Home page.
|
| 500 |
|
|
|a "Original Microfilm Part: Part 1: Manuscripts, First Editions and Rare Printed Works of Hannah More"--Home page.
|
| 500 |
|
|
|a "Original Microfilm Reel: 14"--Home page.
|
| 521 |
|
|
|a Juvenile.
|
| 535 |
1 |
|
|a The Clark Library, University of California Los Angeles
|
| 542 |
|
|
|f Material sourced from The Clark Library, University of Los Angeles.
|
| 588 |
|
|
|a Description based on online resource; title from scanned document's title page (viewed on June 19, 2020).
|
| 650 |
|
0 |
|a Children's plays, English
|v Early works to 1800.
|
| 650 |
|
0 |
|a Pastoral drama, English
|v Early works to 1800.
|
| 650 |
|
6 |
|a Théâtre pastoral anglais
|v Ouvrages avant 1800.
|
| 650 |
|
7 |
|a Children's plays, English
|2 fast
|
| 650 |
|
7 |
|a Pastoral drama, English
|2 fast
|
| 655 |
|
7 |
|a Electronic books.
|2 local
|
| 655 |
|
7 |
|a Early works
|2 fast
|
| 710 |
2 |
|
|a Adam Matthew Digital (Firm),
|e digitiser.
|
| 758 |
|
|
|i has work:
|a 1775 The search after happiness (Text)
|1 https://id.oclc.org/worldcat/entity/E39PCGrFfBx73Q6kBP3qmmbbFq
|4 https://id.oclc.org/worldcat/ontology/hasWork
|
| 830 |
|
0 |
|a AM Scholar: Women's Studies.
|
| 856 |
4 |
0 |
|u http://proxy.library.tamu.edu/login?url=https://www.amscholar.amdigital.co.uk/Documents/Details/WomenMoralityAndAdviceLiterature_Part1_Reel14_Vol7
|z Connect to the full text of this electronic book
|t 0
|
| 955 |
|
|
|a Adam Matthew Scholar Women's Studies
|
| 994 |
|
|
|a 92
|b TXA
|
| 999 |
f |
f |
|s 324f634b-ac1d-431d-80f6-b2a67585d357
|i 09a1d19b-085b-4368-a046-ff05489cec7b
|t 0
|
| 952 |
f |
f |
|a Texas A&M University
|b College Station
|c Electronic Resources
|d Available Online
|t 0
|h Library of Congress classification
|
| 998 |
f |
f |
|t 0
|l Available Online
|